| 000 | 01029nam a2200337 a 4500 | ||
|---|---|---|---|
| 999 |
_c7645 _d7645 |
||
| 001 | 991001370989706706 | ||
| 003 | OSt | ||
| 005 | 20220217112750.0 | ||
| 008 | 910620s1988 spc|||||| 000 ||cat | ||
| 015 |
_aLL1991 _2bnc |
||
| 017 |
_aDL B. 18887-1988 _bBiblioteca de Catalunya |
||
| 020 | _a8486421373 | ||
| 035 | _a(ES-BaCBU).b10305233 | ||
| 035 | _a40282 | ||
| 035 | _a(OCoLC)801886254 | ||
| 040 |
_aES-BaBC _bcat _cCDMR |
||
| 043 |
_ae-sp--- _be-spc-- _2catmarc |
||
| 080 | _a32(460)"1976/1988" | ||
| 100 | 1 | _aConte, Jesús, | |
| 245 | 1 | 3 |
_aEl Canvi del llenguatge / _cJesús Conte |
| 260 |
_aBarcelona : _bTibidabo, _c1988 |
||
| 300 |
_a192 p. ; _c19 cm |
||
| 490 | 1 | _aCal saber | |
| 650 | 0 |
_aAnàlisi del discurs _zEspanya _93349 _y1975-1988 |
|
| 651 | 7 |
_aEspanya _xPolítica i govern _y1975-1988 _2lemac |
|
| 830 | 0 | _aCal saber | |
| 907 |
_a.b10305233 _b16-06-21 _c06-05-08 _d06-05-08 _em _fa _g- _hcat _ispc _j3 _k12 |
||
| 908 |
_aUAB _aUB _aUdL _aBC _aFBC _aGEPA _aCLR _aGCDGPL _aURL |
||
| 940 | _aBC | ||
| 942 |
_2udc _cMON |
||